Zelené peklo

V brazílskom pralese vládne nepísané právo, len traja ľudia vedia, kto bol Vlk Zeleného pekla - zločinec, aký nemal páru, postrach zlatokopov, bezcitný lúpežník a vrah

Bibliographic Details
Main Author: Suchanský, Peter, 1897-1979 (Author)
Other Authors: Konečný, Stanislav (Narrator)
Format: CD Audio
Language:Slovak
PhysicalDescription:1 elektronický optický disk (CD-ROM) digitál., MP3 12 cm
Published: V Levoči Slovenská knižnica pre nevidiacich Mateja Hrebendu 2017
ISBN:9788018067444 (CDROM)
Subjects:

MARC

LEADER 00000cim a2200000 a 4500
001 vtls011713077
003 SK-MaSNL
005 20260301043913.0
007 sd fungnnmmned
008 171002s2017 xo nnnnfs f n slo
015 |a SNBJ2018 
020 |a 9788018067444 (CDROM) 
040 |a SNK  |b slo  |c SNK  |e AACR2 
041 0 |d slo 
044 |a xo  |c SK 
072 7 |a 821.162.4-3  |x Slovenská próza  |2 konspekt 
080 |a 821.162.4-31  |2 2011 
080 |a (0:82-311.3)  |2 2011 
080 |a (086.76)  |2 2011 
100 1 |a Suchanský, Peter,  |d 1897-1979  |4 aut  |9 48242 
245 1 0 |a Zelené peklo  |h elektronický zdroj  |c Peter Suchanský ; číta: Stanislav Konečný 
260 |a V Levoči  |b Slovenská knižnica pre nevidiacich Mateja Hrebendu  |c 2017 
300 |a 1 elektronický optický disk (CD-ROM)  |b digitál., MP3  |c 12 cm 
306 |a 090000 
520 8 |a V brazílskom pralese vládne nepísané právo, len traja ľudia vedia, kto bol Vlk Zeleného pekla - zločinec, aký nemal páru, postrach zlatokopov, bezcitný lúpežník a vrah 
521 |a Pre nevidiacich, slabozrakých a inak zdravotne postihnutých 
655 7 |a zvukové záznamy  |2 SNKPH  |9 70720 
655 7 |a dobrodružné romány  |2 SNKPH  |9 70486 
655 7 |a slovenské romány  |2 SNKPH  |9 70324 
655 7 |a CD-ROM  |2 SNKPH  |9 70236 
700 1 |a Konečný, Stanislav  |4 nrt  |9 349475 
752 |a Slovensko  |d Levoča 
919 |a 978-80-18-06744-4 
958 |a SX 
958 |a LX 
999 |c 594739  |d 596669 
952 |a SNK  |b SNK  |y PREZ  |7 0  |p 17A1324390  |o snkSCD 4581  |i snk2018/10451  |8 0  |0 0  |1 0  |4 0  |d 2018-05-15  |l 0  |r 2026-02-23 15:35:41  |w 2026-02-23